Code names in the form of their own code Quiz Stats

 Plays Quiz not verified by Sporcle

Challenge
Share
Tweet
Embed
Score 0/7 Timer 01:00
0 Plays Today
code code name % Correct
edxim swordmixed words
100%
nag a ramanagram
100%
124hid23de32423n 239in2309num230bers352hidden in numbers
100%
sjkggselkhidden wordseifgogehidden words
88.9%
interrmoouptedinterrupted
88.9%
theone inotherone in the other
77.8%
code name: that was easythat was easy
55.6%

You're not logged in!

Compare scores with friends on all Sporcle quizzes.
Join for Free
OR
Log In

You Might Also Like...

Show Comments

Extras

Created Mar 17, 2012ReportNominate
Tags:code, coded, Code Names

Top Quizzes Today


Score Distribution

Your Account Isn't Verified!

In order to create a playlist on Sporcle, you need to verify the email address you used during registration. Go to your Sporcle Settings to finish the process.

Report this User

Report this user for behavior that violates our Community Guidelines.

Details: